| 000 | 00695nam a2200241 i 4500 | ||
|---|---|---|---|
| 001 | C2-0117763 | ||
| 003 | PPAK | ||
| 005 | 20180727110751.0 | ||
| 008 | 970729s1991 nyu |||| ||||| | eng d | ||
| 020 | _a0671694901 | ||
| 040 |
_aPPAK _beng _cPPAK _erda |
||
| 082 | 0 | 4 |
_a650.1 _223 |
| 090 | 0 | 0 |
_a650.1 _bMAY _dG |
| 100 | 1 |
_aMayer, Jeffrey J., _eauthor |
|
| 245 | 1 | 0 | _aIf you haven't got the time to do it right, when will you find the time to do it over ? |
| 264 | 1 |
_aNew York : _bSimon & Schuster , _c1991 |
|
| 300 |
_a157 pages ; _c21 cm |
||
| 336 |
_2rdacontent _atext |
||
| 337 |
_2rdamedia _aunmediated |
||
| 338 |
_2rdacarrier _avolume |
||
| 650 | 1 | 0 | _aTime management |
| 942 |
_ddc _cB |
||
| 999 |
_c31719 _d31719 |
||